| 000 | 00716nam a2200229 u 4500 | ||
|---|---|---|---|
| 005 | 20240910063942.0 | ||
| 008 | 121003s2007 r 000 0 eng d | ||
| 020 | _a9802570869 | ||
| 035 | _aUPN01000186949 | ||
| 049 | _aI | ||
| 050 | 4 |
_aPZ75 _bS7.7 |
|
| 100 | 1 | _aStinson, Kathy | |
| 245 | 1 | 0 |
_aSoy grande, soy pequeño / _cKathy Stinson ; il. Robin Baird Lewis ; tr. Clarisa de la Rosa. |
| 260 |
_aCaracas : _bEkaré, _c2007. |
||
| 300 |
_a[24] p. : _bprincipalmente il. col. |
||
| 440 | 3 | _aEl jardín de los niños | |
| 534 |
_pTítulo original: _tBig or little |
||
| 650 | 4 |
_aNiños en la literatura _914415 |
|
| 650 | 4 |
_aLITERATURA INFANTIL CANADIENSE _915516 |
|
| 905 | _aInfantil | ||
| 999 |
_c159052 _d159052 |
||